00588nam a2200157Ia 4500008004100000100002100041245010900062245004000171260005900211260000900270650001800279650001500297856002600312999001900338952007300357170221s9999 xx 000 0 und d aPamela K. Morris aConceptualizing Beauty: A Content Analysis of U.S. and French Women’s Fashion Magazine Advertisements  cPamela K. Morris, Katharine Nichols bOnline Journal of Communication and Media Technologies c2016 xCommunication xMedia Arts uhttp://www.ojcmt.net/ c309131d309131 001040aCLbCLd2017-02-21l0r2017-02-21 00:00:00w2017-02-21yFOJ